000 00629nam a2200205Ia 4500
003 GCL
008 140319s9999 xx 000 0 ara d
040 _aGCL /
_cGCL
082 0 4 _a956.9001
_bح ي
100 1 _aحمدى الطاهرى
245 1 0 _aاليهود ودولتهم /
_cحمدى الطاهرى
250 _aالاولى
260 _aالقاهرة :
_bمكتبة الاداب ،
_c2001
300 _a502 ص ؛
_c24 سم
650 0 4 _aاليهود
650 0 4 _aالصهيونية واليهودية
650 0 4 _aاليهودية - تاريخ
650 0 4 _aالصهيونية - تاريخ
942 _2ddc
_cBK
999 _c5418
_d5418